000 00586nam a2200169Ia 4500
008 090711s9999 xx 000 0 und d
082 _b1004
100 _aपांढारकर अनिल
245 _aसुखदु:खाSया रेषा
260 _bप्रियांजली प्रकाशन
_c1998
300 _a159
600 _aपांढारकर अनिल
630 _aसुखदु:खाSया रेषा
700 _aपांढारकर अनिल
730 _aसुखदु:खाSया रेषा
942 _cBOOK
999 _c333848
_d333848